000 00746nam a22002177a 4500
999 _c7227
_d7227
003 OSt
005 20210910143344.0
008 210910b ||||| |||| 00| 0 eng d
040 _cNLM
082 _aWL5 P579m 2011
100 _aEdited by: Maria, Stokes: Emma ,Stack
_914851
245 _aPhysical management for neurological conditions .
250 _a3rd ed
260 _aEdinburgh :
_b Elsevier/ Churchill Livingstone,
_c2011
300 _axviii, 430 p. :
_b ill. ;
_c25 cm
504 _aIncludes bibliographical references and index.
650 _aNervous system -- Diseases -- Physical therapy
_914852
650 _a Physical Therapy Modalities
_914853
650 _a Nervous System Diseases -- rehabilitation
_914854
942 _2z
_cBOOK